000 00643nab a2200229 a 4500
001 62234
003 134530
005 20201118105917.0
008 ||||||n9999 ||| || ||
041 _aspa
100 _aFlorez, Maria Isabel
245 0 _aLa television publica :
_by sus indefiniciones pp.52-53
260 _aBogotá :
_bInvestigaciones Alternativa S.A.,
_c1998.
562 _e0
650 _aCONCESIONES
650 _aDIFUSION DE LA INFORMACION
650 _aPOLÍTICA DE COMUNICACIONES
650 _aSERVICIOS DE TELEVISION
650 _aSERVICIOS PÚBLICOS
773 _059578
_aAlternativa - No.20
942 _cSART
999 _c62234
_d62234